000 00331nam a22001457a 4500
008 210609b ||||| |||| 00| 0 eng d
020 _a9780062750112
041 _aeng
080 _a038
082 _a038
100 _a24
101 _aFJA
245 _aThorndike-Barnhart Student Dictionary
_cThorndike,E.L
942 _2udc
_cBK
999 _c58091
_d58091